Normal view
MARC view
- Henrey, Robert
Entry Personal Name
001 - CONTROL NUMBER
- control field: 112113
003 - CONTROL NUMBER IDENTIFIER
- control field: NUST
005 - DATE AND TIME OF LATEST TRANSACTION
- control field: 20230504130445.0
008 - FIXED-LENGTH DATA ELEMENTS
- fixed length control field: 230504|| aca||aabn | a|a d
040 ## - CATALOGING SOURCE
- Original cataloging agency: NUST
- Transcribing agency: NUST
100 ## - HEADING--PERSONAL NAME
- Personal name: Henrey, Robert
670 ## - SOURCE DATA FOUND
- Source citation: Work cat.: (NUST)184052: Henrey, Robert, A farm in Normandy /, 1941
